Súvaha ako zdroj informácií o účtovnej jednotke a podklad pre finančnú analýzu bakalárska práca

Saved in:
Bibliographic Details
Main Author: Bugajová, Helena
Corporate Author: Fakulta hospodárskej informatiky EU. Katedra účtovníctva a audítorstva
Other Authors: Števková, Lucia
Format: Book
Language:Slovak
Published: Bratislava 2010
Tags: Add Tag
No Tags, Be the first to tag this record!

MARC

LEADER 00000nam$a2200000$$$4500
001 0136711
005 20240320072828.7
041 0 |a slo 
044 |a SK 
245 1 0 |a Súvaha ako zdroj informácií o účtovnej jednotke a podklad pre finančnú analýzu  |b bakalárska práca  |c Helena Bugajová ; školiteľ: Lucia Števková 
264 1 |a Bratislava  |c 2010 
300 |a 42 s. 
100 1 |a Bugajová, Helena 
700 1 |a Števková, Lucia 
710 2 |a Fakulta hospodárskej informatiky EU. Katedra účtovníctva a audítorstva